000 00773nam a22002297a 4500
999 _c12164
_d12164
003 AR-CdUCM
008 190408b ||||| |||| 00| 0 spa d
040 _aMUNICIPALIDAD PROVINCIAL DEL CUSCO
_cBIBLIOTECA MUNICIPAL DEL CUSCO
082 _aEP / 398 /
_bS47
100 _aShimbucal Taish, Pedro Luis
_929879
245 _aWaujsá Chichat /
260 _aChachapoyas :
_bEditorial grafica Ebra,
_c2008.
300 _a13 páginas ;
_bIlustraciones, dibujos,
_c20 cm.
440 _aColección biblioteca de aula EIB
_929880
505 _aContenido: Vivencias y tradiciones amazónicas.
650 _aChachapoyas
_95646
650 _aAmazonia peruana
_97545
650 _aAwajun
_929881
700 _aNieva, Santa María de
_929882
942 _2ddc
_cLIBROS
945 _adavv